Punjab - Traffic and transport manual (Record no. 554216)
[ view plain ]
| 000 -LEADER | |
|---|---|
| fixed length control field | 00498nam a22001457a 4500 |
| 082 ## - DEWEY DECIMAL CLASSIFICATION NUMBER | |
| Classification number | 624 |
| Author Mark | PUN |
| 110 ## - MAIN ENTRY--CORPORATE NAME | |
| Corporate name or jurisdiction name as entry element | Govt of the Punjab |
| 9 (RLIN) | 51527 |
| 245 ## - TITLE STATEMENT | |
| Title | Punjab - Traffic and transport manual |
| Remainder of title | Sign, signals and pavement markings |
| 250 ## - EDITION STATEMENT | |
| Edition statement | Vol-I |
| 260 ## - PUBLICATION, DISTRIBUTION, ETC. | |
| Place of publication, distribution, etc. | Punjab, |
| Name of publisher, distributor, etc. | Planning and developments department, |
| Date of publication, distribution, etc. | 2008. |
| 300 ## - PHYSICAL DESCRIPTION | |
| Extent | xiii, 346 pages, |
| Other physical details | ill. |
| Dimensions | 28cm. |
| 520 ## - SUMMARY, ETC. | |
| Summary, etc. | Sign,regulatory signs, warning signs, guide signs etc |
| 526 ## - STUDY PROGRAM INFORMATION NOTE | |
| Program name | 0 |
| Interest level | 0 |
| Reading level | 0 |
| Title point value | 624_000000000000000_PUN |
| 942 ## - ADDED ENTRY ELEMENTS (KOHA) | |
| Source of classification or shelving scheme | |
| Koha item type | Book |
| Withdrawn status | Lost status | Source of classification or shelving scheme | Damaged status | Not for loan | Permanent Location | Current Location | Date acquired | Total Checkouts | Full call number | Barcode | Date last seen | Price effective from | Koha item type |
|---|---|---|---|---|---|---|---|---|---|---|---|---|---|
| Military College of Engineering (MCE) | Military College of Engineering (MCE) | 04/16/2019 | 624 PUN | MCE-51041 | 04/16/2019 | 04/16/2019 | Book |
